Schaum's outline of theory and problems of intermediate accounting i / (Record no. 344872)
[ view plain ]
| 000 -LEADER | |
|---|---|
| fixed length control field | 01467 a2200265 4500 |
| 020 ## - INTERNATIONAL STANDARD BOOK NUMBER | |
| International Standard Book Number | 007010204X |
| 020 ## - INTERNATIONAL STANDARD BOOK NUMBER | |
| International Standard Book Number | 9780070102040 |
| 082 04 - DEWEY DECIMAL CLASSIFICATION NUMBER | |
| Classification number | 657.076 |
| 090 ## - LOCALLY ASSIGNED LC-TYPE CALL NUMBER (OCLC); LOCAL CALL NUMBER (RLIN) | |
| -- | 2374 |
| -- | 2374 |
| 100 1# - MAIN ENTRY--PERSONAL NAME | |
| Personal name | Cashin, James A. |
| 245 10 - TITLE STATEMENT | |
| Title | Schaum's outline of theory and problems of intermediate accounting i / |
| Statement of responsibility, etc. | James A. Cashin. |
| 250 ## - EDITION STATEMENT | |
| Edition statement | 2 Sub ed. |
| 260 ## - PUBLICATION, DISTRIBUTION, ETC. | |
| Place of publication, distribution, etc. | [S.l.] : |
| Name of publisher, distributor, etc. | Mcgraw-Hill, |
| Date of publication, distribution, etc. | 1989. |
| 300 ## - PHYSICAL DESCRIPTION | |
| Extent | 263 p. ; |
| Dimensions | 28 cm. |
| 490 1# - SERIES STATEMENT | |
| Series statement | Schaum's outlines) (pt. 1. |
| 500 ## - GENERAL NOTE | |
| General note | Paperback. |
| 520 ## - SUMMARY, ETC. | |
| Summary, etc. | If you want top grades and an excellent understanding of Intermediate Accounting I in less study time, this powerful study tool is the best tutor you can have! It takes you step-by-step through concepts, procedures, and definitionsNin plain EnglishNand gives you 585 fully worked examples. Four complete practice examinations let you check your progress every three chapters. Famous for their clarity, wealth of examplesNand lack of dreary minutiaeNSchaumOs Outlines have sold more than 30 million copies worldwide. This popular and easy-to-use study guide for Intermediate Accounting I will show you why! |
| 700 1# - ADDED ENTRY--PERSONAL NAME | |
| Personal name | Lerner, Joel. |
| 700 1# - ADDED ENTRY--PERSONAL NAME | |
| Personal name | Feldman, Saul. |
| 700 1# - ADDED ENTRY--PERSONAL NAME | |
| Personal name | Englard, Baruch. |
| 830 #0 - SERIES ADDED ENTRY--UNIFORM TITLE | |
| Uniform title | Schaum's outlines) (pt. 1. |
| 856 40 - ELECTRONIC LOCATION AND ACCESS | |
| Materials specified | Amazon.com |
| Uniform Resource Identifier | <a href="http://www.amazon.com/exec/obidos/ASIN/007010204X/chopaconline-20">http://www.amazon.com/exec/obidos/ASIN/007010204X/chopaconline-20</a> |
| 856 40 - ELECTRONIC LOCATION AND ACCESS | |
| Materials specified | Amazon customer reviews |
| Uniform Resource Identifier | <a href="http://www.chopac.org/cgi-bin/tools/azrev.pl?q=007010204X">http://www.chopac.org/cgi-bin/tools/azrev.pl?q=007010204X</a> |
| 942 ## - ADDED ENTRY ELEMENTS (KOHA) | |
| Institution code [OBSOLETE] | NBS |
| Koha item type | Book |
| Call number prefix | 657.076 SCH |
| Withdrawn status | Lost status | Damaged status | Not for loan | Permanent Location | Current Location | Date acquired | Total Checkouts | Full call number | Barcode | Date last seen | Date last checked out | Price effective from | Koha item type |
|---|---|---|---|---|---|---|---|---|---|---|---|---|---|
| Central Library (CL) | Central Library (CL) | 08/28/2013 | 2 | 657.076 SCH | NBS397 | 06/12/2014 | 10/26/2013 | 08/28/2013 | Book |
